<?xml version="1.0" encoding="UTF-8"?>
<record
    xmlns:xsi="http://www.w3.org/2001/XMLSchema-instance"
    xsi:schemaLocation="http://www.loc.gov/MARC21/slim http://www.loc.gov/standards/marcxml/schema/MARC21slim.xsd"
    xmlns="http://www.loc.gov/MARC21/slim">

  <leader>01688ntaaa2200337   4500</leader>
  <controlfield tag="003">01</controlfield>
  <controlfield tag="005">20251027203352.0</controlfield>
  <controlfield tag="008">0714s1973  ag    01 </controlfield>
  <datafield tag="040" ind1=" " ind2=" ">
    <subfield code="a">AR-BaBN</subfield>
    <subfield code="b">spa</subfield>
    <subfield code="c">AR-BaBN</subfield>
    <subfield code="e">aacr</subfield>
    <subfield code="d">RIC</subfield>
  </datafield>
  <datafield tag="245" ind1=" " ind2=" ">
    <subfield code="a">S&#xF3;lo por la gracia de Dios : </subfield>
    <subfield code="b">rese&#xF1;a hist&#xF3;rica de la Iglesia Evang&#xE9;lica Japonesa en la Rep&#xFA;blica Argentina / </subfield>
    <subfield code="c">prefacio de Hiroshi Usui</subfield>
  </datafield>
  <datafield tag="260" ind1=" " ind2=" ">
    <subfield code="a">[Buenos Aires] : </subfield>
    <subfield code="b">Iglesia Evang&#xE9;lica Japonesa en la Rep&#xFA;blica Argentina, </subfield>
    <subfield code="c">1993</subfield>
  </datafield>
  <datafield tag="300" ind1=" " ind2=" ">
    <subfield code="a">[126] p., 16 p. ; </subfield>
    <subfield code="c">il. byn, retrs. ; 22 cm.</subfield>
  </datafield>
  <datafield tag="500" ind1=" " ind2=" ">
    <subfield code="a">Texto en japon&#xE9;s, traducci&#xF3;n paralela en espa&#xF1;ol</subfield>
  </datafield>
  <datafield tag="500" ind1=" " ind2=" ">
    <subfield code="a">Donaci&#xF3;n de Pablo A. Deiros, 2022</subfield>
  </datafield>
  <datafield tag="505" ind1=" " ind2=" ">
    <subfield code="t">Los primeros trabajos realizados por los esposos Okajima antes de la fundaci&#xF3;n de la Iglesia Evang&#xE9;lica Japonesa /</subfield>
    <subfield code="r">Ishihara, Mioko</subfield>
  </datafield>
  <datafield tag="505" ind1=" " ind2=" ">
    <subfield code="t">Cristo habita dentro de mi /</subfield>
    <subfield code="r">Yasukichi, Moriya</subfield>
  </datafield>
  <datafield tag="505" ind1=" " ind2=" ">
    <subfield code="t">Historia de Shuichi Kajita /</subfield>
    <subfield code="r">Miyamoto, Yoshiko de</subfield>
  </datafield>
  <datafield tag="505" ind1=" " ind2=" ">
    <subfield code="t">Nacimiento del grupo de habla castellano /</subfield>
    <subfield code="r">Higa, Manabu</subfield>
  </datafield>
  <datafield tag="505" ind1=" " ind2=" ">
    <subfield code="t">Herencia y visi&#xF3;n /</subfield>
    <subfield code="r">Higa, Manabu</subfield>
  </datafield>
  <datafield tag="505" ind1=" " ind2=" ">
    <subfield code="t">Dentro del inmutable amor de Dios /</subfield>
    <subfield code="r">Higa, Toshiko de</subfield>
  </datafield>
  <datafield tag="505" ind1=" " ind2=" ">
    <subfield code="t">Mi paso por la Iglesia Evang&#xE9;lica Japonesa /</subfield>
    <subfield code="r">Bracelis, Pr. Reinerio</subfield>
  </datafield>
  <datafield tag="505" ind1=" " ind2=" ">
    <subfield code="t">La misericordia de Dios /</subfield>
    <subfield code="r">Higa, Yoshio</subfield>
  </datafield>
  <datafield tag="505" ind1=" " ind2=" ">
    <subfield code="t">Una nueva identidad /</subfield>
    <subfield code="r">Sakaguchi, Yuri</subfield>
  </datafield>
  <datafield tag="505" ind1=" " ind2=" ">
    <subfield code="t">Cronolog&#xED;a de la Iglesia Evang&#xE9;lica Japonesa</subfield>
  </datafield>
  <datafield tag="505" ind1=" " ind2=" ">
    <subfield code="t">Ep&#xED;logo /</subfield>
    <subfield code="r">Miyamoto, Yoshiko de</subfield>
  </datafield>
  <datafield tag="520" ind1=" " ind2=" ">
    <subfield code="a">"Sexag&#xE9;simo aniversario de la obra evangel&#xED;stica en la colectividad japonesa de Argentina"</subfield>
  </datafield>
  <datafield tag="610" ind1=" " ind2=" ">
    <subfield code="a">Iglesia Evang&#xE9;lica Japonesa en la Rep&#xFA;blica Argentina </subfield>
    <subfield code="9">37758</subfield>
  </datafield>
  <datafield tag="650" ind1=" " ind2=" ">
    <subfield code="a">HISTORIA</subfield>
    <subfield code="9">175</subfield>
  </datafield>
  <datafield tag="700" ind1=" " ind2=" ">
    <subfield code="a">Usui, Hiroshi </subfield>
    <subfield code="e">prefacio</subfield>
    <subfield code="9">37759</subfield>
  </datafield>
  <datafield tag="942" ind1=" " ind2=" ">
    <subfield code="c">BK</subfield>
  </datafield>
  <datafield tag="999" ind1=" " ind2=" ">
    <subfield code="c">29236</subfield>
    <subfield code="d">29236</subfield>
  </datafield>
  <datafield tag="952" ind1=" " ind2=" ">
    <subfield code="0">0</subfield>
    <subfield code="1">0</subfield>
    <subfield code="4">0</subfield>
    <subfield code="7">0</subfield>
    <subfield code="a">BP</subfield>
    <subfield code="b">BP</subfield>
    <subfield code="d">2025-10-27</subfield>
    <subfield code="i">045804</subfield>
    <subfield code="l">0</subfield>
    <subfield code="p">045804</subfield>
    <subfield code="r">2025-10-27 20:33:52</subfield>
    <subfield code="w">2025-10-27</subfield>
    <subfield code="y">BK</subfield>
  </datafield>
</record>
